Cities of the Canary Islands Quiz Stats

 Plays Quiz not verified by Sporcle

Challenge
Share
Tweet
Embed
Score 0/10 Timer 06:00
0 Plays Today
Rank City % Correct
1.Las Palmas de Gran Canaria
96.9%
2.Santa Cruz de Tenerife
92.3%
3.San Cristóbal de La Laguna
64.6%
4.Telde
60%
7.Arrecife
55.4%
5.Arona
41.5%
9.Adeje
35.4%
6.Santa Lucía de Tirajana
27.7%
8.San Bartolomé de Tirajana
27.7%
10.Granadilla de Abona
23.1%

You're not logged in!

Compare scores with friends on all Sporcle quizzes.
Join for Free
OR
Log In

You Might Also Like...

Show Comments

Extras

Top Quizzes Today


Score Distribution

Your Account Isn't Verified!

In order to create a playlist on Sporcle, you need to verify the email address you used during registration. Go to your Sporcle Settings to finish the process.

Report this User

Report this user for behavior that violates our Community Guidelines.

Details: